[Event "Offene Hessische Senioren Einzelmeisters"]
[Site "Bad Sooden- Allendorf"]
[Date "2011.05.08"]
[Round "9.32"]
[White "Grabitz, Dr. Georg"]
[Black "Görtz, Hans"]
[Result "1/2-1/2"]
[WhiteElo "2093"]
[BlackElo "1989"]
[PlyCount "31"]
[EventDate "2011.??.??"]

1. d4 Nf6 2. Nf3 d6 3. Nc3 g6 4. e4 Bg7 5. Be3 O-O 6. Qd2 Ng4 7. Bg5 h6 8. Bh4
c6 9. O-O-O Qc7 10. h3 Nf6 11. g4 b5 12. Bd3 Ne8 13. Kb1 a5 14. Bg3 Nd7 15. e5
Nb6 16. Ne4 1/2-1/2

[Event "Offene Hessische Senioren Einzelmeisters"]
[Site "Bad Sooden- Allendorf"]
[Date "2011.05.08"]
[Round "9.33"]
[White "Geisler, Reinhard"]
[Black "Schwertel, Johann"]
[Result "1/2-1/2"]
[WhiteElo "1894"]
[BlackElo "2026"]
[PlyCount "46"]
[EventDate "2011.??.??"]

1. d4 d5 2. c4 c6 3. Nf3 Nf6 4. Nc3 e6 5. e3 Nbd7 6. Bd3 Bd6 7. O-O O-O 8. e4
dxe4 9. Nxe4 Nxe4 10. Bxe4 Nf6 11. Bc2 Re8 12. Bg5 Be7 13. Qe2 Nd7 14. Bxe7
Qxe7 15. Rfe1 Nf6 16. Rad1 Rd8 17. a3 Bd7 18. Ne5 Be8 19. c5 b5 20. cxb6 axb6
21. Qc4 Qd6 22. a4 Ra5 23. Qb3 Rda8 1/2-1/2

[Event "Offene Hessische Senioren Einzelmeisters"]
[Site "Bad Sooden- Allendorf"]
[Date "2011.05.08"]
[Round "9.34"]
[White "Wieprecht, Gerhard"]
[Black "Bachmann, Rolf"]
[Result "1-0"]
[WhiteElo "1922"]
[BlackElo "2039"]
[PlyCount "117"]
[EventDate "2011.??.??"]

1. e4 c5 2. Nf3 d6 3. d4 cxd4 4. Nxd4 Nf6 5. Nc3 a6 6. Bg5 Nbd7 7. f4 Qb6 8.
Nb3 g6 9. Qf3 Bg7 10. O-O-O Nc5 11. h3 Bd7 12. Bc4 a5 13. Nd4 Na4 14. Nxa4 Bxa4
15. e5 Nd7 16. Rhe1 e6 17. Nxe6 fxe6 18. Rxd6 Qc5 19. Rxe6+ Kf8 20. Be7+ Qxe7
21. Rxe7 Kxe7 22. Qd5 Rhf8 23. Qd6+ Ke8 24. e6 Nf6 25. e7 Rf7 26. Bxf7+ Kxf7
27. Qd8 Ra6 28. e8=Q+ Bxe8 29. Qe7+ Kg8 30. Qxb7 Rd6 31. Qb8 Bf8 32. Rxe8 Nxe8
33. Qxe8 Rf6 34. g3 Kg7 35. Qe5 a4 36. Qc7+ Rf7 37. Qc3+ Rf6 38. g4 Bd6 39. Qd4
Bxf4+ 40. Kd1 a3 41. Qa7+ Kh6 42. Qxa3 Rd6+ 43. Ke1 g5 44. c4 Re6+ 45. Kf1 Re3
46. Qa6+ Kg7 47. Qb7+ Kg6 48. Qc6+ Kg7 49. Qd7+ Kg8 50. c5 Rxh3 51. b4 Rh1+ 52.
Ke2 Rh2+ 53. Kf3 Rd2 54. Qe6+ Kg7 55. c6 Rd3+ 56. Ke2 Rd6 57. Qe7+ Kg6 58. c7
Rd2+ 59. Ke1 1-0

[Event "Offene Hessische Senioren Einzelmeisters"]
[Site "Bad Sooden- Allendorf"]
[Date "2011.05.08"]
[Round "9.35"]
[White "Schulz, Eugen"]
[Black "Duijker, Bert"]
[Result "1/2-1/2"]
[WhiteElo "1978"]
[BlackElo "1867"]
[PlyCount "43"]
[EventDate "2011.??.??"]

1. e4 g6 2. Bc4 Bg7 3. Qf3 Nh6 4. d4 O-O 5. Ne2 d6 6. h3 Be6 7. Nd2 c6 8. Bd3
f5 9. Nf4 Bf7 10. exf5 Nxf5 11. Bxf5 gxf5 12. Qg3 Kh8 13. Nf3 e5 14. Ne2 f4 15.
Qh2 e4 16. Nd2 e3 17. Nf3 Bg6 18. c3 Be4 19. fxe3 Bxf3 20. gxf3 fxe3 21. Qg3
Qf6 22. f4 1/2-1/2

[Event "Offene Hessische Senioren Einzelmeisters"]
[Site "Bad Sooden- Allendorf"]
[Date "2011.05.08"]
[Round "9.36"]
[White "Reimann, Günther"]
[Black "Lewald, Stephan"]
[Result "0-1"]
[WhiteElo "1959"]
[BlackElo "2046"]
[PlyCount "69"]
[EventDate "2011.??.??"]

1. c4 g6 2. Nf3 Bg7 3. g3 Nf6 4. Bg2 d6 5. d3 O-O 6. O-O e5 7. Nc3 Nc6 8. a3 a5
9. Rb1 h6 10. Bd2 Be6 11. Qc1 Kh7 12. b3 Qd7 13. Nb5 Ne8 14. e4 Bh3 15. Ne1
Bxg2 16. Kxg2 Ne7 17. f4 f5 18. Nf3 fxe4 19. dxe4 Nf6 20. fxe5 Nxe4 21. exd6
Nxd6 22. Nxd6 Qxd6 23. Bf4 Qc6 24. Qd2 g5 25. Rbe1 Ng6 26. Bxg5 hxg5 27. Qxg5
Rf7 28. Kg1 Bf6 29. Qh5+ Kg7 30. Qg4 Raf8 31. h4 Bc3 32. Re6 Qc5+ 33. Kg2 Qf5
34. Nh2 Qxg4 35. Rxf7+ 0-1

[Event "Offene Hessische Senioren Einzelmeisters"]
[Site "Bad Sooden- Allendorf"]
[Date "2011.05.08"]
[Round "9.37"]
[White "Mewes, Hans-Dieter"]
[Black "Kalix, Wolfgang"]
[Result "1/2-1/2"]
[WhiteElo "1938"]
[BlackElo "2064"]
[PlyCount "127"]
[EventDate "2011.??.??"]

1. c4 e5 2. Nc3 Nf6 3. e4 Bb4 4. d3 Bxc3+ 5. bxc3 d6 6. h3 h6 7. Be3 c5 8. Rb1
Qa5 9. Qd2 Nbd7 10. g3 Nf8 11. Bg2 Ng6 12. Ne2 Rb8 13. O-O Qd8 14. Kh2 O-O 15.
f4 exf4 16. Nxf4 Ne5 17. Qe2 b6 18. Nd5 Nxd5 19. cxd5 Ba6 20. c4 b5 21. Qh5 Qe7
22. Bxh6 gxh6 23. Qxh6 f6 24. a4 b4 25. Rf4 Qg7 26. Qh5 Qg6 27. Qe2 Rb7 28. Bf3
Rg7 29. Rg1 Bc8 30. Rh4 Qg5 31. Rh5 Qd2 32. Rg2 Qxe2 33. Bxe2 Rh7 34. Rxh7 Kxh7
35. g4 a5 36. Rg3 Bd7 37. Bd1 Be8 38. Kg2 Rf7 39. Kf1 b3 40. Bxb3 Rb7 41. Bd1
Rb1 42. Ke2 Rb2+ 43. Ke3 Ra2 44. g5 Ra3 45. Kf4 Rxd3 46. Rxd3 Nxd3+ 47. Kf5 Nb2
48. Bb3 fxg5 49. Ke6 Bxa4 50. Bxa4 Nxa4 51. Kxd6 Nc3 52. Kxc5 Nxe4+ 53. Kb5
Nd6+ 54. Kxa5 Nxc4+ 55. Kb5 Ne5 56. Kc5 Kg6 57. Kd4 Kf5 58. Ke3 Nc4+ 59. Kf3
Nd6 60. Kg3 Ne4+ 61. Kf3 Nd6 62. Kg3 Nc4 63. Kf3 Nd2+ 64. Kg3 1/2-1/2

[Event "Offene Hessische Senioren Einzelmeisters"]
[Site "Bad Sooden- Allendorf"]
[Date "2011.05.08"]
[Round "9.38"]
[White "Hoffmann, Erich"]
[Black "Oldach, Ehrenfried"]
[Result "1/2-1/2"]
[WhiteElo "1914"]
[BlackElo "2033"]
[PlyCount "47"]
[EventDate "2011.??.??"]

1. e4 c6 2. d4 d5 3. e5 Bf5 4. Bd3 Bxd3 5. Qxd3 e6 6. f4 Ne7 7. Nf3 Nd7 8. Bd2
Qb6 9. Nc3 c5 10. dxc5 Nxc5 11. Qb5+ Kd8 12. Ng5 Kc7 13. Qxb6+ Kxb6 14. Nxf7
Rg8 15. Be3 Nf5 16. Bxc5+ Bxc5 17. Na4+ Kc6 18. Nxc5 Kxc5 19. Ng5 Nd4 20. O-O
h6 21. Nh3 Rac8 22. c3 Nf5 23. Kf2 Rgf8 24. g4 1/2-1/2

[Event "Offene Hessische Senioren Einzelmeisters"]
[Site "Bad Sooden- Allendorf"]
[Date "2011.05.08"]
[Round "9.39"]
[White "Ninic, Milutin"]
[Black "Ahlberg, Günter"]
[Result "0-1"]
[WhiteElo "1890"]
[BlackElo "2052"]
[PlyCount "104"]
[EventDate "2011.??.??"]

1. Nf3 c6 2. g3 d5 3. d3 Bg4 4. Bg2 e6 5. O-O Nd7 6. c4 Bd6 7. Nc3 Ngf6 8. h3
Bh5 9. a3 a5 10. e4 dxc4 11. dxc4 Qc7 12. b3 O-O 13. Be3 Rfd8 14. Qc2 h6 15.
Nd4 Bc5 16. Rfe1 Bg6 17. Qe2 Qd6 18. Nc2 Bxe3 19. Qxe3 Nc5 20. Rad1 Qe7 21. b4
axb4 22. axb4 Ncd7 23. f4 Nf8 24. Rd2 Rxd2 25. Qxd2 Rd8 26. Qe2 Rd7 27. e5 Ne8
28. c5 Rd3 29. Ne4 Bxe4 30. Qxe4 Qd7 31. Kh2 Nc7 32. Re2 Nb5 33. Re3 Rd2 34.
Re2 Ng6 35. Rxd2 Qxd2 36. f5 Nc3 37. Qd4 Qxc2 38. fxg6 fxg6 39. Qd8+ Kh7 40.
Qd7 Nd5 41. Kg1 Qc1+ 42. Kf2 Qd2+ 43. Kf3 h5 44. Bf1 Qe3+ 45. Kg2 Qxe5 46. Qxb7
Qe4+ 47. Kg1 Qd4+ 48. Kh2 Nxb4 49. Qe7 Qf6 50. Qb7 Qxf1 51. Qxb4 Qf2+ 52. Kh1
Qxg3 0-1

[Event "Offene Hessische Senioren Einzelmeisters"]
[Site "Bad Sooden- Allendorf"]
[Date "2011.05.08"]
[Round "9.40"]
[White "Rychlik, Kurt"]
[Black "Fleischer, Martin"]
[Result "1-0"]
[WhiteElo "2106"]
[BlackElo "1879"]
[PlyCount "55"]
[EventDate "2011.??.??"]

1. Nf3 d5 2. d4 e6 3. e3 c5 4. c3 Nc6 5. Bd3 Nf6 6. Nbd2 cxd4 7. exd4 Bd6 8.
O-O Bd7 9. Re1 Rc8 10. Ne5 Ne7 11. f4 g6 12. Qf3 b5 13. a3 a6 14. Qh3 Bxe5 15.
fxe5 Nh5 16. Nf3 h6 17. g4 Ng7 18. Qh4 Ng8 19. Qg3 Kf8 20. Rf1 Ne7 21. Nh4 Kg8
22. Bd2 Be8 23. Rf6 g5 24. Ng2 Rc7 25. Raf1 Nc6 26. Qh3 Nb8 27. Rxh6 Rxh6 28.
Qxh6 1-0

[Event "Offene Hessische Senioren Einzelmeisters"]
[Site "Bad Sooden- Allendorf"]
[Date "2011.05.08"]
[Round "9.41"]
[White "Kirchberg, Hans-Georg"]
[Black "Schumacher, Helmut"]
[Result "1/2-1/2"]
[WhiteElo "1538"]
[BlackElo "2085"]
[PlyCount "57"]
[EventDate "2011.??.??"]

1. d4 d5 2. Nf3 c6 3. e3 Nf6 4. Bd3 Bg4 5. h3 Bh5 6. Nbd2 Nbd7 7. c3 e5 8. dxe5
Nxe5 9. Be2 Nxf3+ 10. Nxf3 Bd6 11. O-O Qe7 12. Nd4 Bg6 13. Bd3 Ne4 14. Bxe4
dxe4 15. Ne2 Bh5 16. Qc2 g5 17. b4 Bg6 18. Bb2 h5 19. c4 Rg8 20. c5 Be5 21.
Bxe5 Qxe5 22. Rad1 h4 23. Rd6 Bf5 24. Qc3 Qxc3 25. Nxc3 g4 26. hxg4 Rxg4 27. f3
exf3 28. Rxf3 Be6 29. Rf4 1/2-1/2

[Event "Offene Hessische Senioren Einzelmeisters"]
[Site "Bad Sooden- Allendorf"]
[Date "2011.05.08"]
[Round "9.42"]
[White "Schlag, Franz"]
[Black "Sailer, Hans-Peter"]
[Result "1-0"]
[WhiteElo "2110"]
[BlackElo "1904"]
[PlyCount "60"]
[EventDate "2011.??.??"]

1. c3 Nf6 2. f4 d5 3. Nf3 c5 4. d3 Nc6 5. e3 e6 6. Be2 Be7 7. O-O O-O 8. Qc2 b5
9. e4 dxe4 10. dxe4 Qb6 11. Kh1 Bb7 12. Be3 a5 13. Nbd2 Ba6 14. a3 Bb7 15. Ng5
e5 16. Bf3 Bd6 17. f5 Qc7 18. Qd1 c4 19. Qe1 Ba6 $11 20. Qh4 b4 21. axb4 axb4
22. Nh3 Bb5 23. g4 Ra6 24. Rxa6 Bxa6 25. g5 Nd7 26. f6 Rb8 27. Bg4 g6 28. Bg1
Nc5 29. Rf3 Bf8 30. Bxc5 Bxc5 1-0

[Event "Offene Hessische Senioren Einzelmeisters"]
[Site "Bad Sooden- Allendorf"]
[Date "2011.05.08"]
[Round "9.43"]
[White "Thieme, Hans"]
[Black "Gunnarson, Leif"]
[Result "1-0"]
[WhiteElo "2101"]
[BlackElo "1745"]
[PlyCount "41"]
[EventDate "2011.??.??"]

1. e4 c5 2. Nf3 d6 3. Bb5+ Bd7 4. Bxd7+ Nxd7 5. O-O Ngf6 6. Re1 Qc7 7. c3 e5 8.
d4 Be7 9. a4 O-O 10. Nbd2 Rac8 11. d5 a5 12. Nc4 Ne8 13. Qd3 Ra8 14. Bd2 Nb6
15. Nxb6 Qxb6 16. Qc4 f5 17. Nxe5 Qxb2 18. Nf3 Bf6 19. Rab1 Qa3 20. Re3 fxe4
21. Bc1 1-0

[Event "Offene Hessische Senioren Einzelmeisters"]
[Site "Bad Sooden- Allendorf"]
[Date "2011.05.08"]
[Round "9.44"]
[White "Rost van Tonningen, Otto"]
[Black "Gebuhr, Günter"]
[Result "1/2-1/2"]
[WhiteElo "2017"]
[BlackElo "1951"]
[PlyCount "54"]
[EventDate "2011.??.??"]

1. Nc3 c5 2. e4 Nc6 3. f4 e6 4. Nf3 g6 5. Be2 Bg7 6. O-O Nge7 7. Qe1 O-O 8. Nd1
d5 9. d3 dxe4 10. dxe4 b6 11. c3 Bb7 12. Nf2 e5 13. fxe5 Nxe5 14. Nxe5 Bxe5 15.
Bh6 Bg7 16. Rd1 Qc7 17. Qd2 Rad8 18. Qe3 Nc6 19. Bxg7 Kxg7 20. Ng4 f5 21. Qh6+
Kh8 22. Rxd8 Qxd8 23. exf5 Rxf5 24. Rxf5 gxf5 25. Nf6 Qe7 26. Nxh7 Qxh7 27.
Qf8+ Qg8 1/2-1/2

[Event "Offene Hessische Senioren Einzelmeisters"]
[Site "Bad Sooden- Allendorf"]
[Date "2011.05.08"]
[Round "9.45"]
[White "Papapostolou, Christo"]
[Black "Mertens, Gottfried"]
[Result "0-1"]
[WhiteElo "2105"]
[BlackElo "1982"]
[PlyCount "86"]
[EventDate "2011.??.??"]

1. e4 e6 2. d4 d5 3. e5 c5 4. Qg4 cxd4 5. Nf3 Nc6 6. Bd3 Nb4 7. O-O Nxd3 8.
cxd3 Qb6 9. Na3 Ne7 10. Qxd4 Qxd4 11. Nxd4 Bd7 12. Nab5 Bxb5 13. Nxb5 Kd7 14.
Nd6 Nc6 15. Nxf7 Rg8 16. f4 Bc5+ 17. Kh1 Raf8 18. Ng5 h6 19. Nf3 Nb4 20. Rd1
Nc2 21. Rb1 Rc8 22. d4 Bb6 23. a3 Rc6 24. Rd3 Rgc8 25. Bd2 Rc4 26. h3 Nxd4 27.
b3 Nxf3 28. bxc4 Nxd2 29. Rxd2 Rxc4 30. g3 Rc3 31. Kg2 Rxa3 32. Rdb2 Rc3 33.
Rb3 Rc4 34. Rxb6 axb6 35. Rxb6 Rc7 36. Kf3 Ke7 37. f5 exf5 38. Kf4 d4 39. Kxf5
d3 40. Rb2 Rd7 41. Rd2 b5 42. Ke4 Ke6 43. Ke3 Kxe5 0-1

[Event "Offene Hessische Senioren Einzelmeisters"]
[Site "Bad Sooden- Allendorf"]
[Date "2011.05.08"]
[Round "9.46"]
[White "Barlo, Werner"]
[Black "Krotofil, Kurt"]
[Result "0-1"]
[WhiteElo "1901"]
[BlackElo "2039"]
[PlyCount "88"]
[EventDate "2011.??.??"]

1. d4 Nf6 2. Nf3 e6 3. c4 d5 4. Nc3 c6 5. e3 Nbd7 6. cxd5 exd5 7. Bd3 Bd6 8.
O-O O-O 9. Qc2 Re8 10. e4 dxe4 11. Nxe4 Nxe4 12. Bxe4 Nf6 13. Bd3 Bg4 14. Ng5
h6 15. Ne4 Nxe4 16. Bxe4 Be7 17. h3 Be6 18. Be3 Bd5 19. Bxd5 Qxd5 20. Rfd1 Bf6
21. a3 Red8 22. Rab1 Rd7 23. b4 a6 24. Rb3 Rad8 25. Rbd3 a5 26. Qc3 axb4 27.
axb4 Ra8 28. Qb3 Qxb3 29. Rxb3 Rad8 30. Rbd3 Rd5 31. Kf1 Rb5 32. Rb3 c5 33. d5
c4 34. Rbb1 Rdxd5 35. Rxd5 Rxd5 36. Rc1 b5 37. Bc5 Rd2 38. Re1 Rb2 39. Re8+ Kh7
40. Rb8 c3 41. Rxb5 Bg5 42. Bd4 Rb1+ 43. Ke2 c2 44. Rc5 c1=Q 0-1

[Event "Offene Hessische Senioren Einzelmeisters"]
[Site "Bad Sooden- Allendorf"]
[Date "2011.05.08"]
[Round "9.47"]
[White "Gudat, Alfons"]
[Black "Lüders, Dr. Günther"]
[Result "1-0"]
[WhiteElo "2051"]
[BlackElo "1870"]
[PlyCount "67"]
[EventDate "2011.??.??"]

1. e4 c5 2. Nf3 Nc6 3. Bb5 a6 4. Bxc6 bxc6 5. O-O g6 6. d4 e6 7. d5 cxd5 8.
exd5 d6 9. dxe6 Bxe6 10. Re1 Bh6 11. Nc3 Bxc1 12. Qxc1 Ne7 13. Ng5 Qd7 14. Nce4
Kf8 15. Nxe6+ fxe6 16. Qh6+ Kf7 17. Ng5+ Kg8 18. Nxe6 Nf5 19. Qf4 Re8 20. Ng5
Kg7 21. c3 Rxe1+ 22. Rxe1 Re8 23. Qd2 h6 24. Nf3 Qb5 25. b3 Qc6 26. h3 Qb5 27.
g4 Rxe1+ 28. Qxe1 Qc6 29. Qe2 Qd7 30. gxf5 Qxf5 31. Kg2 g5 32. Qe7+ Kg8 33.
Qxd6 g4 34. hxg4 1-0

[Event "Offene Hessische Senioren Einzelmeisters"]
[Site "Bad Sooden- Allendorf"]
[Date "2011.05.08"]
[Round "9.48"]
[White "Scholze, Roland"]
[Black "Höllger, Herbert"]
[Result "1/2-1/2"]
[WhiteElo "1986"]
[BlackElo "2077"]
[PlyCount "71"]
[EventDate "2011.??.??"]

1. d4 g6 2. e4 Bg7 3. Nc3 d6 4. Be3 a6 5. Qd2 Nd7 6. Nf3 b5 7. Bd3 c5 8. O-O
Bb7 9. dxc5 dxc5 10. Rad1 Ngf6 11. Bh6 O-O 12. Bxg7 Kxg7 13. Rfe1 e6 14. Qf4 b4
15. Ne2 Qb8 16. Qxb8 $11 Raxb8 17. Ng3 Rfd8 18. Nd2 Ne5 19. Bf1 Rd7 20. f4 Neg4
21. Bd3 Rbd8 22. h3 Nh6 23. Nc4 Ne8 24. Be2 Ng8 25. Rxd7 Rxd7 26. Rd1 Rxd1+ 27.
Bxd1 Kf8 28. Kf2 Ke7 29. Be2 Nd6 30. Nxd6 Kxd6 31. e5+ Kc7 32. Nf1 f5 33. Nd2
Ne7 34. Nc4 Be4 35. Bd3 Bxd3 36. cxd3 1/2-1/2

[Event "Offene Hessische Senioren Einzelmeisters"]
[Site "Bad Sooden- Allendorf"]
[Date "2011.05.08"]
[Round "9.49"]
[White "Just, Joachim"]
[Black "Kühnl, Bernd"]
[Result "1-0"]
[WhiteElo "2032"]
[BlackElo "1892"]
[PlyCount "147"]
[EventDate "2011.??.??"]

1. g3 Nf6 2. Bg2 d6 3. c4 g6 4. d4 Bg7 5. Nc3 O-O 6. e4 e5 7. dxe5 dxe5 8. Qxd8
Rxd8 9. Nf3 Re8 10. O-O Na6 11. Bg5 c6 12. Rfd1 Bg4 13. h3 Bxf3 14. Bxf3 Rad8
15. Be3 b6 16. a3 Nc7 17. c5 b5 18. Rd6 Rxd6 19. cxd6 Ne6 20. Bxa7 Rd8 21. Rd1
Bf8 22. d7 Rxd7 23. Rxd7 Nxd7 24. Bg4 Bc5 25. Bxe6 fxe6 26. Bxc5 Nxc5 27. Kf1
Kf7 28. Ke2 Nb3 $11 29. Ke3 Ke7 30. h4 Kf6 31. Kd3 Ke7 32. Nd1 Nc5+ 33. Ke3 Nb3
34. f3 Kd6 35. Nf2 h5 36. Nd3 c5 37. f4 exf4+ 38. Nxf4 e5 39. Nxg6 Ke6 40. Nf8+
Ke7 41. Nh7 Nd4 42. Ng5 Nc2+ 43. Kd2 Nd4 44. Nh3 Nf3+ 45. Ke3 Nd4 46. Nf2 Nc2+
47. Kd2 Nd4 48. Nd3 Kd6 49. Nc1 Nf3+ 50. Ke3 Nd4 51. Na2 Nc2+ $11 52. Kd2 Nd4
53. Nc3 Nb3+ 54. Ke3 Nd4 55. Nd5 Ke6 56. Nc7+ Kd7 57. Nd5 Ke6 58. Kf2 Kf7 59.
Ne3 Kf6 60. g4 Kg6 61. g5 c4 62. Nd5 Ne6 63. Ne7+ Kf7 64. Nc6 Nc5 65. Ke3 Na4
66. Na7 c3 67. bxc3 Nxc3 68. Kd3 Na4 69. Nxb5 Nc5+ 70. Ke3 Na4 71. Nd6+ Ke6 72.
Ne8 Kf7 73. Nf6 Kg6 74. Nd7 1-0

[Event "Offene Hessische Senioren Einzelmeisters"]
[Site "Bad Sooden- Allendorf"]
[Date "2011.05.08"]
[Round "9.50"]
[White "Türtmann, Dieter"]
[Black "Draxler, Gottfried"]
[Result "1-0"]
[WhiteElo "1973"]
[BlackElo "1813"]
[PlyCount "93"]
[EventDate "2011.??.??"]

1. c4 c5 2. Nc3 Nc6 3. g3 b6 4. Bg2 Bb7 5. Nf3 Nd4 6. e3 Bxf3 7. Bxf3 Nxf3+ 8.
Qxf3 g6 9. Nb5 Rb8 10. Nxa7 Bg7 11. O-O Nf6 12. a3 O-O 13. Rb1 Ra8 14. Nb5 d5
15. d3 Qd7 16. Qe2 Rfd8 17. f3 dxc4 18. dxc4 Qd3 19. Qxd3 Rxd3 20. Kf2 Rad8 21.
Ke2 Ne8 22. Nd4 Bxd4 23. Kxd3 Bg7+ 24. Ke2 Nd6 25. Rd1 Ra8 26. b3 Kf8 27. a4
Ke8 28. Bb2 f6 29. g4 h6 30. h4 g5 31. hxg5 hxg5 32. f4 Nf7 33. Kf3 Rc8 34. Rd2
Bh6 35. Rh1 Rc6 36. f5 Rc7 37. e4 Bg7 38. Rhd1 Nd6 39. Rxd6 exd6 40. Rxd6 Rd7
41. Rxb6 Rd3+ 42. Ke2 Rg3 43. Ba3 Rxg4 44. Kf3 Rg1 45. Bxc5 Rf1+ 46. Ke2 Rh1
47. a5 1-0

[Event "Offene Hessische Senioren Einzelmeisters"]
[Site "Bad Sooden- Allendorf"]
[Date "2011.05.08"]
[Round "9.51"]
[White "Tomas, Johann"]
[Black "Klein, Klaus"]
[Result "0-1"]
[WhiteElo "1914"]
[BlackElo "2057"]
[PlyCount "94"]
[EventDate "2011.??.??"]

1. e4 c6 2. d4 d5 3. e5 Bf5 4. Bd3 Bxd3 5. Qxd3 e6 6. Nf3 Qb6 7. O-O c5 8. dxc5
Bxc5 9. a3 Nc6 10. b4 Bd4 11. Nxd4 Qxd4 12. Qxd4 Nxd4 13. c3 Nb3 14. Ra2 a5 15.
Be3 a4 16. Nd2 Nxd2 17. Rxd2 Ne7 18. Bc5 Rc8 19. Rd3 Nc6 20. f4 g6 21. Rfd1 Na5
22. Bd6 Nc4 23. Ra1 Nxd6 24. exd6 Rc4 25. Re1 Kd7 26. g3 Rhc8 27. Ree3 Kxd6 28.
h4 h5 29. Kf2 f5 30. Ke2 Re4 31. Kd2 Rxe3 32. Kxe3 e5 33. fxe5+ Kxe5 34. Kf3
Rc4 35. Re3+ Re4 36. Rd3 Re1 37. Re3+ Rxe3+ 38. Kxe3 b5 39. Kd3 f4 40. gxf4+
Kxf4 41. Kd4 g5 42. Kxd5 gxh4 43. c4 h3 44. cxb5 h2 45. b6 h1=Q+ 46. Kc5 Qb7
47. Kb5 h4 0-1

[Event "Offene Hessische Senioren Einzelmeisters"]
[Site "Bad Sooden- Allendorf"]
[Date "2011.05.08"]
[Round "9.52"]
[White "Johannsen, Ingbert"]
[Black "Claus, Joachim"]
[Result "1/2-1/2"]
[WhiteElo "2048"]
[BlackElo "1855"]
[PlyCount "70"]
[EventDate "2011.??.??"]

1. e4 d6 2. d4 g6 3. Bc4 Nf6 4. Nc3 Bg7 5. f3 c6 6. Bb3 Nbd7 7. Be3 b6 8. Qd2
a5 9. a4 Ba6 10. Nh3 b5 11. O-O-O b4 12. Ne2 Bxe2 13. Qxe2 Nb6 14. Ng5 O-O 15.
h4 h6 16. Nh3 Qc8 17. Nf4 Kh7 18. g4 e5 19. dxe5 dxe5 20. Nd3 Nbd7 21. g5 Nh5
22. gxh6 Bxh6 23. Bxh6 Kxh6 24. Nf2 Kg7 25. Rhg1 Nf4 26. Qe3 Nf6 27. Rg5 Qc7
28. Qc5 Rae8 29. Rd2 Rh8 30. Ng4 Rxh4 31. Nxe5 Rh1+ 32. Rd1 Ne2+ 33. Kd2 Qd8+
34. Nd3 Rxd1+ 35. Kxd1 Nf4 1/2-1/2

[Event "Offene Hessische Senioren Einzelmeisters"]
[Site "Bad Sooden- Allendorf"]
[Date "2011.05.08"]
[Round "9.53"]
[White "Kienel, Norbert"]
[Black "Rollwitz, Jürgen"]
[Result "1/2-1/2"]
[WhiteElo "1875"]
[BlackElo "1978"]
[PlyCount "49"]
[EventDate "2011.??.??"]

1. d4 d6 2. c4 e5 3. d5 f5 4. Nc3 Nf6 5. Bg5 Be7 6. e3 Nxd5 7. cxd5 Bxg5 8.
Bb5+ Bd7 9. h4 Bf6 10. Bxd7+ Qxd7 11. Nf3 h6 12. Qb3 b6 13. Rc1 a5 14. h5 Na6
15. Nh4 Nc5 16. Qc2 Bxh4 17. Rxh4 e4 18. Ke2 O-O 19. a4 Qe7 20. g3 Nd3 21. Rd1
Ne5 22. Nb5 Rac8 23. Na7 Ra8 24. Nb5 Rf7 25. Nd4 1/2-1/2

[Event "Offene Hessische Senioren Einzelmeisters"]
[Site "Bad Sooden- Allendorf"]
[Date "2011.05.08"]
[Round "9.54"]
[White "Neumann, Horst"]
[Black "Jung, Prof. Michael"]
[Result "1/2-1/2"]
[WhiteElo "1958"]
[BlackElo "1833"]
[PlyCount "31"]
[EventDate "2011.??.??"]

1. e4 d5 2. e5 Bf5 3. d4 e6 4. Nf3 c6 5. Bd3 Ne7 6. Bg5 Bxd3 7. Qxd3 Qa5+ 8. c3
Nd7 9. b4 Qc7 10. Nbd2 b5 11. O-O Nb6 12. Nb3 Nc4 13. a4 Nb2 $11 14. Qd2 Nxa4
15. Nc5 Nxc5 16. bxc5 1/2-1/2

[Event "Offene Hessische Senioren Einzelmeisters"]
[Site "Bad Sooden- Allendorf"]
[Date "2011.05.08"]
[Round "9.55"]
[White "Thormann, Werner"]
[Black "Perk, Egbert"]
[Result "1-0"]
[WhiteElo "1636"]
[BlackElo "1984"]
[PlyCount "101"]
[EventDate "2011.??.??"]

1. d4 Nf6 2. Nc3 d5 3. Bg5 Nbd7 4. f3 e6 5. a3 Be7 6. Qd2 c6 7. e4 h6 8. Be3
dxe4 9. fxe4 Ng4 10. Bf4 e5 11. dxe5 Ngxe5 12. O-O-O Bg5 13. Nf3 Nxf3 14. gxf3
Qf6 15. Bxg5 hxg5 16. Be2 Qf4 17. Qxf4 gxf4 18. Rdg1 Ne5 19. Rxg7 Be6 20. Rg5
f6 21. Rg7 O-O-O 22. b3 Rh3 23. Rg2 Rdh8 24. Rf2 b5 25. Nb1 a6 26. Nd2 c5 27.
c4 bxc4 28. Nxc4 Nc6 29. Nb6+ Kb7 30. Nd5 Bxd5 31. exd5 Nd4 32. Bd1 Kb6 33. Kb2
a5 34. a4 Kc7 35. Kc3 Kd6 36. Kc4 Rb8 37. Rg1 Rb4+ 38. Kc3 Kxd5 39. Rg6 Ke5 40.
Rg7 Rh5 41. Ra7 Nc6 42. Ra6 Kd6 43. Bc2 f5 44. Ra8 Rd4 45. Rf8 Rd5 46. Rg2 Re5
47. Rf6+ Kd7 48. Rd2+ Nd4 49. Ra6 Re3+ 50. Kc4 Rxh2 51. Rxh2 1-0

[Event "Offene Hessische Senioren Einzelmeisters"]
[Site "Bad Sooden- Allendorf"]
[Date "2011.05.08"]
[Round "9.56"]
[White "Alefs, Heinz"]
[Black "Bendisch, Dr. Jürgen"]
[Result "1-0"]
[WhiteElo "1839"]
[BlackElo "1963"]
[PlyCount "77"]
[EventDate "2011.??.??"]

1. Nf3 c5 2. e3 e6 3. d4 Nf6 4. Bd3 Nc6 5. c3 a6 6. Nbd2 Qc7 7. O-O d5 8. e4
dxe4 9. Nxe4 Nxe4 10. Bxe4 cxd4 11. Nxd4 Nxd4 12. Qxd4 Qc5 13. Rd1 Qxd4 14.
Rxd4 f5 15. Bc2 $11 Bd7 16. Bf4 Bc5 17. Rd2 h6 18. Rad1 Bc6 19. b4 Be7 20. Bb3
g5 21. Be5 Kf7 22. Bxh8 Rxh8 23. Re1 f4 24. Rxe6 Kf8 25. Rde2 Bd8 26. Rd2 Kg7
27. Bd5 Bf6 28. Bxc6 bxc6 29. Rd7+ Kg6 30. Rdd6 Rf8 31. Rxc6 Kf5 32. Rxf6+ Rxf6
33. Rxf6+ Kxf6 34. c4 Ke5 35. c5 Kd5 36. Kf1 Kc6 37. a3 a5 38. Ke2 axb4 39.
axb4 1-0

[Event "Offene Hessische Senioren Einzelmeisters"]
[Site "Bad Sooden- Allendorf"]
[Date "2011.05.08"]
[Round "9.57"]
[White "Held, Helmut"]
[Black "Grams, Arthur"]
[Result "1/2-1/2"]
[WhiteElo "1999"]
[BlackElo "1940"]
[PlyCount "79"]
[EventDate "2011.??.??"]

1. e4 e5 2. Nf3 Nf6 3. d4 Nxe4 4. Bd3 d5 5. dxe5 f5 6. O-O Be7 7. c4 c6 8. cxd5
cxd5 9. b4 O-O 10. a3 Be6 11. Nd4 Qc8 12. Nxe6 Qxe6 13. Bb2 Nd7 14. Nd2 Nxe5
15. Nf3 Nxf3+ 16. Qxf3 Bf6 17. Bxf6 Qxf6 18. Ra2 Rac8 19. Qe3 d4 20. Qe1 Rfe8
21. Re2 Nd6 22. Rxe8+ Rxe8 23. Qb1 g6 24. Rd1 Kg7 25. Qc2 Rc8 26. Qa4 Rc3 27.
Qxa7 Kh6 28. Bf1 d3 29. Qe3+ f4 30. Qh3+ Kg7 31. Rxd3 Rxd3 32. Qxd3 Qe5 33. b5
h5 34. a4 b6 35. Qc2 Kf6 36. Qc7 Qd4 37. a5 bxa5 38. Qxa5 Nc4 39. Qa2 g5 40.
Qe2 {weitere 11 Züge nicht rekonstruierbar} 1/2-1/2

[Event "Offene Hessische Senioren Einzelmeisters"]
[Site "Bad Sooden- Allendorf"]
[Date "2011.05.08"]
[Round "9.58"]
[White "Viererbe, Hartmut"]
[Black "Simon, Eberhard"]
[Result "1/2-1/2"]
[WhiteElo "1893"]
[BlackElo "1997"]
[PlyCount "23"]
[EventDate "2011.??.??"]

1. Nf3 c6 2. c4 Nf6 3. e3 d5 4. b3 e6 5. Bb2 Nbd7 6. Qc2 Be7 7. Bd3 O-O 8. Nc3
Qc7 9. Ng5 h6 10. Nh7 Nxh7 11. Bxh7+ Kh8 12. Bd3 1/2-1/2

[Event "Offene Hessische Senioren Einzelmeisters"]
[Site "Bad Sooden- Allendorf"]
[Date "2011.05.08"]
[Round "9.60"]
[White "Wilfert, Eva-Maria"]
[Black "Busic, Nedjeljko"]
[Result "0-1"]
[WhiteElo "1743"]
[BlackElo "2059"]
[PlyCount "72"]
[EventDate "2011.??.??"]

1. d4 Nf6 2. g3 d6 3. Bg2 g6 4. e4 Nc6 5. c3 Bg7 6. Qc2 e5 7. d5 Ne7 8. Nf3 O-O
9. O-O Nh5 10. c4 Kh8 11. Nc3 a5 12. b3 f5 13. Bg5 h6 14. Bd2 f4 15. Rac1 b6
16. Nb5 g5 17. gxf4 g4 18. Ne1 exf4 19. f3 g3 20. hxg3 fxg3 21. Nd3 Ng6 22.
Rfe1 Bg4 23. Bc3 Qh4 24. Bxg7+ Nxg7 25. Nd4 Ne5 26. Re3 Rf6 27. Kf1 Qh2 28.
Nxe5 dxe5 29. Ne6 Bxe6 30. dxe6 Nxe6 31. Qc3 Nd4 32. Rd1 c5 33. Red3 Raf8 34.
a3 Rxf3+ 35. Rxf3 Rxf3+ 36. Bxf3 Qf2# 0-1